Aluminium, copper and steel in developing countries (Record no. 34127)

MARC details
000 -LEADER
fixed length control field 00825nam a2200217 a 4500
008 - FIXED-LENGTH DATA ELEMENTS--GENERAL INFORMATION
fixed length control field 120416s1987 ||||||||||||||||| || u
020 ## - INTERNATIONAL STANDARD BOOK NUMBER
International Standard Book Number 9264129456
050 ## - LIBRARY OF CONGRESS CALL NUMBER
Classification number HD 9539.A63D442 Bro
100 ## - MAIN ENTRY--PERSONAL NAME
Personal name Brown, Martin
245 10 - TITLE STATEMENT
Title Aluminium, copper and steel in developing countries
260 ## - PUBLICATION, DISTRIBUTION, ETC.
Place of publication, distribution, etc. Paris
Name of publisher, distributor, etc. Development Centre
Date of publication, distribution, etc. 1987
300 ## - PHYSICAL DESCRIPTION
Extent 137 p.
350 ## - PRICE (NR) (BK AM CF MU VM SE) [OBSOLETE]
Price 0.00
490 ## - SERIES STATEMENT
Series statement Development Centre studies
650 ## - SUBJECT ADDED ENTRY--TOPICAL TERM
Topical term or geographic name entry element Steel industry and trade - Developing countries
650 ## - SUBJECT ADDED ENTRY--TOPICAL TERM
Topical term or geographic name entry element ALUMINUIM INDUSTRY AND TRADE-- DEVELOPING COUNTRIES
650 ## - SUBJECT ADDED ENTRY--TOPICAL TERM
Topical term or geographic name entry element COPPER INDUSTRY AND TRADE--DEVELOPING COUNTRIES
650 ## - SUBJECT ADDED ENTRY--TOPICAL TERM
Topical term or geographic name entry element INDUSTRY
700 ## - ADDED ENTRY--PERSONAL NAME
Personal name McKern, Bruce
995 ## - RECOMMENDATION 995 [LOCAL, UNIMARC FRANCE]
-- 0.00
-- CBU-MAIN LIBRARY (Kitwe)
-- 1
-- 0.00
-- 1
-- AVAILABLE
-- Main Library Open Access Collection
Holdings
Withdrawn status Lost status Source of classification or shelving scheme Damaged status Not for loan Home library Current library Shelving location Date acquired Total Checkouts Full call number Barcode Date last seen Price effective from Koha item type
          CBU-MAIN LIBRARY, KITWE. CBU-MAIN LIBRARY, KITWE.   11/30/2022   HD 9539.A63D442 Bro 003151 11/30/2022 11/30/2022 MONOGRAPH